Využitie metód fuzzy množín v kriminalistike

Biometrická metóda pre porovnávanie portrétov, resp. obrázkov tvárí osôb. Na identifikáciu osôb bola použitá vzájomná poloha očí, úst, obočia, nosa a pod. Fuzzy množiny. Softvér ImageJ. Spracovanie v programe Mathematica.

Salvato in:
Dettagli Bibliografici
Autore principale: Stehlíková, Beáta
Altri autori: Tirpáková, Anna, Ivor, Jaroslav
Natura: Capitolo di libro
Lingua:slovacco
Soggetti:
Tags: Aggiungi Tag
Nessun Tag, puoi essere il primo ad aggiungerne!!

MARC

LEADER 00000naa$a2200000$$$4500
001 0089269
005 20220512095018.1
041 0 |a slo 
044 |a SK 
245 1 0 |a Využitie metód fuzzy množín v kriminalistike  |c Beáta Stehlíková, Anna Tirpáková, Jaroslav Ivor 
520 |a Biometrická metóda pre porovnávanie portrétov, resp. obrázkov tvárí osôb. Na identifikáciu osôb bola použitá vzájomná poloha očí, úst, obočia, nosa a pod. Fuzzy množiny. Softvér ImageJ. Spracovanie v programe Mathematica. 
610 2 0 |a biometrika 
610 2 0 |a fotografia 
610 2 0 |a kriminalita 
610 2 0 |a softvér 
610 2 0 |a metódy štatistické 
610 2 0 |a štatistika 
100 1 |a Stehlíková, Beáta 
700 1 |a Tirpáková, Anna 
700 1 |a Ivor, Jaroslav